000 00589nam a22001817a 4500
999 _c191981
_d191981
005 20220908120112.0
010 _aENG-134972
020 _a978-93-80153-92-6
_c270.00
035 _aEN-118504
037 _bDBAD/PUB
082 _a370
100 _aM.G. Jackson
245 _aTowards A New Educational Protocol/
_bBeyond Greening and Examination Reform is School Educaton
_cM.G. Jackson
260 _aSecunderabad
_bPermanent Green
_c2013
270 _a12-13-439, Street no.1, Tarnaka
_bSecunderabad
_e500017
300 _a162p.
_c21cm(pb)
942 _2ddc
_cEN
_h370
_mJAC